[Event "DVM U16 2012"]
[Site "Naumburg (Saale) GER"]
[Date "2012.12.27"]
[Round "2"]
[White "Wiewesiek, Timo"]
[Black "Schaefer, Matthes"]
[Result "1-0"]
[Termination "normal"]
[Board "8.4"]
[WhiteElo "1707"]
[BlackElo "1344"]
[WhiteTeam "SV Schachforum Darmstadt 1994"]
[BlackTeam "BSG Grün-Weiß Leipzig"]
[WhiteFideId "12920193"]
[BlackFideId "12946117"]
[EventCountry "GER"]
[EventRounds "7"]
[EventType "team-swiss"]
[EventDate "2012.12.26"]

1. e4 c5 2. Nc3 Nc6 3. Bb5 a6 4. Bxc6 bxc6 5. f4 e6 6. Nf3 d5 7. O-O Nf6 8. d3
Be7 9. Qe1 O-O 10. Qg3 Qc7 11. Qh3 dxe4 12. dxe4 Bb7 13. g4 Rfd8 14. f5 exf5
15. gxf5 a5 16. Kh1 c4 17. Rg1 Kh8 18. e5 Nd7 19. Qg4 Rg8 20. Bf4 Qb6 21. Na4
Qb4 22. Rg3 Qxa4 23. Rh3 Nf8 24. Rg1 c3 25. f6 Bxf6 26. exf6 g6 27. b3 Qe4 28.
Bh6 Qxg4 29. Rxg4 Bc8 30. Ne5 Be6 31. Rd4 Ra7 32. Rxc3 Bd5+ 33. Rxd5 cxd5 34.
Rc8 Ne6 35. Rc6 Re8 36. Ng4 Rc7 37. Ra6 Rxc2 38. Rxa5 Nf4 39. Bg7+ 1-0

[Event "DVM U16 2012"]
[Site "Naumburg (Saale) GER"]
[Date "2012.12.27"]
[Round "2"]
[White "Yankelevich, Lev"]
[Black "Martin, Richard"]
[Result "1-0"]
[Termination "normal"]
[Board "9.1"]
[WhiteElo "2177"]
[BlackElo "1730"]
[WhiteTeam "SG Trier"]
[BlackTeam "SV Unterkochen"]
[WhiteFideId "24684074"]
[BlackFideId "12925691"]
[EventCountry "GER"]
[EventRounds "7"]
[EventType "team-swiss"]
[EventDate "2012.12.26"]

1. e4 e6 2. d4 d5 3. Nd2 dxe4 4. Nxe4 Nf6 5. Nxf6+ Qxf6 6. Nf3 h6 7. Bd3 Nc6 8.
O-O Bd7 9. c3 Bd6 10. Re1 O-O 11. Qe2 Rfe8 12. Ne5 Qe7 13. f4 Bxe5 14. fxe5 Qf8
15. Qe4 g6 16. Re3 Ne7 17. Rh3 h5 18. Rxh5 Bc6 19. Qg4 Qg7 20. Bh6 Qh7 21. Rh3
1-0

[Event "DVM U16 2012"]
[Site "Naumburg (Saale) GER"]
[Date "2012.12.27"]
[Round "2"]
[White "Basaran, Mehmet"]
[Black "Bauer, Lukas"]
[Result "1/2-1/2"]
[Termination "normal"]
[Board "9.2"]
[WhiteElo "1749"]
[BlackElo "1689"]
[WhiteTeam "SV Unterkochen"]
[BlackTeam "SG Trier"]
[WhiteFideId "12929042"]
[BlackFideId "12907715"]
[EventCountry "GER"]
[EventRounds "7"]
[EventType "team-swiss"]
[EventDate "2012.12.26"]

1. e4 c5 2. Nf3 Nc6 3. Bb5 g6 4. Bxc6 dxc6 5. Nc3 Bg7 6. O-O Nf6 7. d3 b6 8.
Bf4 O-O 9. Qd2 Re8 10. Rae1 a6 11. h3 Bb7 12. g4 Nd7 13. Bh6 e5 14. Bxg7 Kxg7
15. g5 Nf8 16. Nh2 Ne6 17. h4 Qd7 18. Ne2 c4 19. Qe3 cxd3 20. cxd3 c5 21. Ng4
Qd6 22. f4 Nxf4 23. Nxf4 exf4 24. Qxf4 Qxf4 25. Rxf4 Rad8 26. Ref1 Re7 27. R1f3
c4 28. Nf2 cxd3 29. Rxd3 Rxd3 30. Nxd3 Rxe4 31. Rxe4 Bxe4 32. Ne5 Bf5 33. Nc4
b5 34. Nd6 h6 35. Ne8+ Kh8 36. Nf6 hxg5 37. hxg5 Kg7 38. Kf2 Kf8 39. Ke3 Ke7
40. Kd4 Kd6 41. b4 1/2-1/2

[Event "DVM U16 2012"]
[Site "Naumburg (Saale) GER"]
[Date "2012.12.27"]
[Round "2"]
[White "Kim, Yun-Ghi"]
[Black "Wallinger, Lukas"]
[Result "0-1"]
[Termination "normal"]
[Board "9.3"]
[WhiteElo "1745"]
[BlackElo "1551"]
[WhiteTeam "SG Trier"]
[BlackTeam "SV Unterkochen"]
[WhiteFideId "12925888"]
[BlackFideId "1272003"]
[EventCountry "GER"]
[EventRounds "7"]
[EventType "team-swiss"]
[EventDate "2012.12.26"]

1. d4  Nf6  2. c4 g6 3. Nc3 Bg7 4. e4 d6 5. Nf3 O-O 6. Be2 e5 7. d5 Nbd7 8. O-O
Nc5 9. Qc2 Ne8 10. Ne1 f5 11. f4 fxe4 12. b4 Nd7 13. Nxe4 exf4 14. Bb2 Ndf6 15.
Nd2 c6 16. dxc6 bxc6 17. Bf3 Rb8 18. a3 Bg4 19. Nd3 Bf5 20. Qb3 Kh8 21. Bxc6
Qb6+ 22. Kh1 Qxc6 23. Nxf4 Ne4 24. Bxg7+ Nxg7 25. Nf3 Bg4 26. Nd4 Qb6 27. Qd3
Bf5 28. Nxf5 gxf5 29. Ra2 Rbe8 30. Qh3 Nf2+ 31. Raxf2 Qxf2 32. g3 Re1 33. Rxe1
Qxe1+ 34. Kg2 Re8 35. Qh6 Qe4+ 36. Kh3 Qd4 37. Nd5 Qg4+ 38. Kg2 Re2+ 0-1

[Event "DVM U16 2012"]
[Site "Naumburg (Saale) GER"]
[Date "2012.12.27"]
[Round "2"]
[White "Zoller, Philipp"]
[Black "Bach, Marc-Andre"]
[Result "0-1"]
[Termination "normal"]
[Board "9.4"]
[WhiteElo "1473"]
[BlackElo "1720"]
[WhiteTeam "SV Unterkochen"]
[BlackTeam "SG Trier"]
[WhiteFideId "12964409"]
[BlackFideId "1270773"]
[EventCountry "GER"]
[EventRounds "7"]
[EventType "team-swiss"]
[EventDate "2012.12.26"]

1. e4 e6 2. d3 d5 3. Nd2 Nf6 4. Ngf3 c5 5. g3 Nc6 6. Bg2 Be7 7. O-O b6 8. Re1
Bb7 9. Nf1 dxe4 10. dxe4 Qxd1 11. Rxd1 Nxe4 12. Bf4 O-O 13. Re1 Nd6 14. Ne3
Rad8 15. Rad1 Rfe8 16. c3 Rd7 17. Ng4 Rdd8 18. Nge5 Nxe5 19. Nxe5 Bxg2 20. Kxg2
Rc8 21. Re2 f6 22. Nf3 e5 23. Be3 Rcd8 24. Nd2 Nc4 25. b3 Nxd2 26. Bxd2 Rd7 27.
Rde1 Red8 28. Be3 Kf7 29. f4 Bd6 30. fxe5 Bxe5 31. c4 Re8 32. Kf3 Rde7 33. Bf2
Bc3 34. Rxe7+ Rxe7 35. Rd1 Ke6 36. Kf4 Be5+ 37. Ke4 Rd7 38. Rxd7 Kxd7 39. Kd5
g6 40. Bg1 h5 41. Bf2 h4 42. g4 h3 43. Bg1 g5 44. Ke4 Ke6 45. Kf3 Bf4 46. Ke4
Bd6 47. Kf3 f5 48. gxf5+ Kxf5 49. Ke3 Be5 50. Kf3 g4+ 0-1

[Event "DVM U16 2012"]
[Site "Naumburg (Saale) GER"]
[Date "2012.12.27"]
[Round "2"]
[White "Schulz, Lukas"]
[Black "Simanowski, Mio"]
[Result "1/2-1/2"]
[Termination "normal"]
[Board "10.1"]
[WhiteElo "1872"]
[BlackElo "1893"]
[WhiteTeam "SC Höchstadt/Aisch"]
[BlackTeam "SV Mülheim-Nord 1931"]
[WhiteFideId "12924881"]
[BlackFideId "24687154"]
[EventCountry "GER"]
[EventRounds "7"]
[EventType "team-swiss"]
[EventDate "2012.12.26"]

1. e4 e5 2. f4 Bc5 3. Nf3 d6 4. Nc3 Nd7 5. Na4 Bb6 6. Nxb6 axb6 7. Bc4 Ngf6 8.
d3 exf4 9. Bxf4 O-O 10. O-O Nc5 11. Bg5 Be6 12. Nd4 Bxc4 13. Bxf6 gxf6 14. dxc4
Kh8 15. Rf4 Rg8 16. Nf5 Rg6 17. Kh1 Ne6 18. Rh4 Ng5 19. Qd5 Rb8 20. Rf1 Qe8 21.
Rhf4 Ne6 22. R4f2 Nc5 23. Ng3 Nd7 24. Nh5 Qe7 25. Qd4 Re8 1/2-1/2

[Event "DVM U16 2012"]
[Site "Naumburg (Saale) GER"]
[Date "2012.12.27"]
[Round "2"]
[White "Vavro, Maximilian"]
[Black "Koch, Christian"]
[Result "1-0"]
[Termination "normal"]
[Board "10.2"]
[WhiteElo "1839"]
[BlackElo "1742"]
[WhiteTeam "SV Mülheim-Nord 1931"]
[BlackTeam "SC Höchstadt/Aisch"]
[WhiteFideId "12918954"]
[BlackFideId "1272124"]
[EventCountry "GER"]
[EventRounds "7"]
[EventType "team-swiss"]
[EventDate "2012.12.26"]

1. c4 e6 2. g3 d5 3. Bg2 Nf6 4. Nf3 c5 5. O-O Nc6 6. d3 Be7 7. Nbd2 d4 8. Nb3
O-O 9. Bg5 Ng4 10. Bxe7 Qxe7 11. Qd2 e5 12. Ng5 Bd7 13. Ne4 b6 14. h3 Nh6 15.
Qe1 Rac8 16. a3 f5 17. Ned2 Qf6 18. f4 exf4 19. Rxf4 Rce8 20. Qf1 Qg6 21. Kh2
Qd6 22. Re1 g5 23. Rf3 f4 24. gxf4 g4 25. Rf2 gxh3 26. Bxh3 Bxh3 27. Qxh3 Rxf4
28. Qg3+ Ng4+ 29. Kg1 Ref8 30. Ref1 Rxf2 31. Qxd6 Rxf1+ 32. Nxf1 Nge5 33. Ng3
Kh8 34. Qxf8# 1-0

[Event "DVM U16 2012"]
[Site "Naumburg (Saale) GER"]
[Date "2012.12.27"]
[Round "2"]
[White "Mönius, Alexander"]
[Black "Stoer, Nathan"]
[Result "1-0"]
[Termination "normal"]
[Board "10.3"]
[WhiteElo "1747"]
[BlackElo "1706"]
[WhiteTeam "SC Höchstadt/Aisch"]
[BlackTeam "SV Mülheim-Nord 1931"]
[WhiteFideId "12949795"]
[BlackFideId "1271569"]
[EventCountry "GER"]
[EventRounds "7"]
[EventType "team-swiss"]
[EventDate "2012.12.26"]

1. d4 e6 2. e3 d5 3. Bd3 Nf6 4. f4 c5 5. c3 Nc6 6. Nf3 Be7 7. O-O cxd4 8. exd4
b6 9. Ne5 Nxe5 10. fxe5 Ne4 11. Bxe4 dxe4 12. Qg4 f5 13. exf6 gxf6 14. Qxe4 Ba6
15. Qc6+ Kf7 16. Re1 Qd6 17. Qxd6 Bxd6 18. g3 Rag8 19. Kf2 Rg4 20. Nd2 h5 21.
Nf3 Re8 22. Be3 e5 23. dxe5 fxe5 24. Rad1 Ke7 25. Bf4 Bc5+ 26. Kg2 Reg8 27.
Bxe5 Bb5 28. b4 Bxb4 29. cxb4 Rc8 30. Ba1+ Kf8 31. Rc1 Rd8 32. a3 Ba6 33. Rc7
Rd3 34. Ree7 Rxa3 35. Rf7+ Ke8 36. Rce7+ Kd8 37. Rd7+ Ke8 38. Rfe7+ Kf8 39.
Bg7+ Kg8 40. Rd8+ Kh7 41. Bb2+ Kg6 42. Bxa3 Rxg3+ 43. hxg3 h4 44. Rd6+ Kf5 45.
Nxh4+ Kg4 46. Rg6+ Kh5 47. Re5# 1-0

[Event "DVM U16 2012"]
[Site "Naumburg (Saale) GER"]
[Date "2012.12.27"]
[Round "2"]
[White "Kremer, Moritz"]
[Black "Mönius, Oliver"]
[Result "1-0"]
[Termination "normal"]
[Board "10.4"]
[WhiteElo "1725"]
[BlackElo "1331"]
[WhiteTeam "SV Mülheim-Nord 1931"]
[BlackTeam "SC Höchstadt/Aisch"]
[WhiteFideId "1270623"]
[BlackFideId "12949906"]
[EventCountry "GER"]
[EventRounds "7"]
[EventType "team-swiss"]
[EventDate "2012.12.26"]

1. Nf3 d5 2. d4 e6 3. e3 Bd6 4. Bd3 f5 5. Nbd2 Nf6 6. c4 c6 7. b3 O-O 8. Bb2
Nbd7 9. h4 Qe8 10. c5 Bc7 11. g3 Bb8 12. Ng5 h6 13. Nh3 Bc7 14. Qc2 Bb8 15. Rg1
Bc7 16. O-O-O Bb8 17. f3 Qh5 18. Nf4 Bxf4 19. exf4 Re8 20. Rh1 Qf7 21. g4 g6
22. Rdg1 Kf8 23. h5 gxh5 24. gxf5 exf5 25. Bxf5 Rd8 26. Bg6 Qe7 27. Bxh5 Nxh5
28. Rxh5 Nf6 29. Rxh6 Ke8 30. Qg6+ Kd7 31. Qxf6 Qxf6 32. Rxf6 Re8 33. Rd6+ Kc7
34. Rg7+ Kb8 35. Bc3 b6 36. Rxc6 Bb7 37. Rcc7 Bc8 38. c6 a5 39. Kb2 b5 40. b4
a4 41. a3 Ra6 42. Rce7 Rf8 43. c7+ Kb7 44. Rgf7 Rxf7 45. Rxf7 Rc6 46. Nf1 Rxc7
47. Rxc7+ Kxc7 48. Ne3 Kd6 49. Kc2 Ke6 50. Kd2 Bb7 51. Ke2 Kf6 52. Kf2 Bc6 53.
Kg3 Bb7 54. Kg4 Bc8+ 55. f5 Bb7 56. Be1 Kf7 57. Kg5 Bc6 58. Ng4 Bd7 59. Ne5+
1-0